000 00664nam a2200205Ia 4500
003 OSt
005 20230830124318.0
008 210716s1993 xx 000 0 und d
040 _cAIMIT LIBRARY
041 _aeng
082 _a005.11FP
_21
_bMICR
245 _aMicrosoft foxpro :
_brelational database management system for ms dos and windows /
250 _a1st ed.
260 _aUSA :
_c1993.
300 _aii,L4-58,I-35p. ;
_bPB
_c23 cm.
650 _aOverview of the foxpro language
_9131678
650 _aCommands and functiions by category
_9131679
650 _aCommands and functions alphabetically
_9131680
942 _2ddc
_cBK
_e1st ed.
_k005.11FP MICR
999 _c183086
_d183086